Geçmişten günümüze haberleşme ve PTT tarihi (Record no. 942)

MARC details
000 -BAŞLIK
Sabit Uzunlukta Kontrol Alanı 00688na a2200241 4500
001 - KONTROL NUMARASI
Denetim Alanı 18348
003 - KONTROL NUMARASI IDENTIFIER
Denetim Alanı MIRAKIL
005 - SON İŞLEM TARİHİ VE ZAMANI
Denetim Alanı 20181213154806.0
008 - SABİT-BOY VERİ ELEMANLARI - GENEL BİLGİLER
Sabit Uzunlukta Kontrol Alanı 161117b tu 000 0
040 ## - KATALOGLAMA KAYNAK
Orijinal Kataloglama Ajansı Milas
Kataloglama Dili tur
Metne Dönüştürmek Ajansı TR-AnCHP
041 ## - DİL KODU
Metin / Ses Parça Veya Ayrı Başlığın Dil Kodu tur
082 ## - DEWEY ONLU SINIFLANDIRMA NUMARASI
Sınıflandırma Numarası 383.4956
Ürün Numarası B39g 2006
090 ## - SINIFLAMA NUMARASI
Sınıflama Numarası 383.4956 B39g 2006
100 ## - ANA GİRİŞ - KİŞİSEL İSİM
Kişisel Ad Bezaz, Yurda Güven
245 ## - BAŞLIK TABLOSU
Başlık Geçmişten günümüze haberleşme ve PTT tarihi
Sorumluluk Tablosu, Vb Yurda Güven Bezaz
260 ## - YAYIN, DAĞITIM, VB
Yayın, Dağıtım, Vb Yeri Ankara
Yayıncı, Dağıtıcı, Vs Adı Türkiye Haber-İş Sendikası
Yayın, Dağıtım, Vb Tarihi 2006
300 ## - FİZİKSEL TANIM
Kapsam xlii, 694 s.
Boyutlar 30 sm.
500 ## - GENEL NOT
Genel Not Sözlük var.
504 ## - KAYNAKÇA VB NOT
Kaynakça Vb Notu Kaynakça var.
610 ## - KONU KATMA GİRİŞ - TOPLANTI ADI
Giriş Elemanı Olarak Kurumsal Ad Veya Yargı Alanı Adı PTT
Genel Alt Bölüm Tarih
Coğrafi Alt Bölüm Türkiye
650 ## - KONU KATMA GİRİŞ - TOPİKAL DÖNEM
Topikal Süreli Veya Coğrafi Ad Giriş Elemanı Haberleşme
Genel Alt Bölümü Tarih
Coğrafi Alt Bölümü Türkiye
942 ## - EKLENDİ GİRİŞ ELEMANLARI (KOHA)
Sınıflandırma Veya Raf Düzeni Kaynak Dewey Decimal Classification
Koha Öğesi Türü Books
999 ## - SİSTEM KONTROL NUMARALARI (KOHA)
Koha Biblionumber 942
Koha Biblioitemnumber 942
Holdings
Kalıcı Konum Mevcut Konum Edinme Tarihi Edinim Kaynak Seri Numaralandırma / Kronolojik Toplam Check-Out'Lar Tam Çağrı Numarası Barkod Tarih Son Görülme İtibaren Geçerli Fiyatlar Koha Öğesi Türü
CHP Kütüphanesi CHP Kütüphanesi 11/17/2016 Bağış c.2   383.4956 B39g 2006 008709 11/17/2016 11/17/2016 Books